000 00599nam a22002055i 4500
001 102864
003 ES-MaACL
005 20251003175826.0
007 t|
008 950928s1861 fr ||||1| fre d
040 _aCAM
_bspa
_cCAM
100 1 _aEsquilo.
_947970
245 1 0 _aThéatre d'Eschyle /
_ctraduction nouvelle par Alexis Pierron.
250 _a6ª éd.
260 _aParis :
_bCharpentier,
_c1861 (
_fImp. Simon Racon et Comp.)
300 _aLI, 356, [1] p. ;
_c19 cm.
700 1 _aPierron, Alexis,
_d1814-1878
_9131151
852 _aES-MaACL
_jD-2642
999 _c102864
_d102864